Introduction to High School Mathematics / (Record no. 179989)
[ view plain ]
| 000 -LEADER | |
|---|---|
| fixed length control field | 00859 a2200169 4500 |
| 003 - CONTROL NUMBER IDENTIFIER | |
| control field | NUST |
| 005 - DATE AND TIME OF LATEST TRANSACTION | |
| control field | 20221028191118.0 |
| 040 ## - CATALOGING SOURCE | |
| Transcribing agency | Nust |
| 082 ## - DEWEY DECIMAL CLASSIFICATION NUMBER | |
| Classification number | 510,BRO |
| 100 ## - MAIN ENTRY--PERSONAL NAME | |
| Personal name | Brown ,Kenneth E |
| 9 (RLIN) | 101706 |
| 245 ## - TITLE STATEMENT | |
| Title | Introduction to High School Mathematics / |
| Statement of responsibility, etc. | Kenneth E. Brown, Daniel W Snader |
| 260 ## - PUBLICATION, DISTRIBUTION, ETC. | |
| Place of publication, distribution, etc. | Canada |
| Name of publisher, distributor, etc. | Laidlaw Brothers |
| Date of publication, distribution, etc. | 1970 |
| 300 ## - PHYSICAL DESCRIPTION | |
| Extent | 512p.: |
| 505 ## - FORMATTED CONTENTS NOTE | |
| Formatted contents note | Measurement and Geometric Construction (Page-13), Counting and Computing (Page-69), Measurement: Whole and Fractional Numbers (Page-119), Measurement Decimal Notation (Page-171), Per Cent (Page-213), Tables and Graphs (Page-241), Introduction to Algebra (Page-297), Open Sentences (Page-333), Using Open Sentences and formulas (Page-371), Directed Numbers (Page-403), Graphing Open Sentences (Page-439), Probability (Page-471). |
| 650 ## - SUBJECT ADDED ENTRY--TOPICAL TERM | |
| Topical term or geographic name entry element | Mathematics |
| 942 ## - ADDED ENTRY ELEMENTS (KOHA) | |
| Source of classification or shelving scheme | |
| Koha item type | Book |
| Call number prefix | 510,BRO |
| Withdrawn status | Lost status | Source of classification or shelving scheme | Damaged status | Not for loan | Permanent Location | Current Location | Shelving location | Date acquired | Full call number | Barcode | Date last seen | Price effective from | Koha item type | Public note |
|---|---|---|---|---|---|---|---|---|---|---|---|---|---|---|
| Military College of Signals (MCS) | Military College of Signals (MCS) | General Stacks | 12/12/2016 | 510,BRO | MCS7625 | 12/08/2016 | 12/12/2016 | Book Bank | Almirah No. A/135, Shelf No.4 |
